Mathematical aspects of heart physiology : 1973-1974 /
Guardado en:
| Autor Principal: | |
|---|---|
| Autor Corporativo: | |
| Formato: | Libro |
| Idioma: | English |
| Publicado: |
New York :
Courant Institute of Mathematical Sciences, New York University,
c1975.
|
| Materias: | |
| Etiquetas: |
Agregar Etiqueta
Sin Etiquetas, Sea el primero en etiquetar este registro!
|
| LEADER | 01008cam a2200217 a 4500 | ||
|---|---|---|---|
| 001 | MAT.inmabb003517 | ||
| 008 | 750407s1975####nyua#####b####000#0#eng## | ||
| 005 | 20160614124859.0 | ||
| 245 | 1 | 0 | |a Mathematical aspects of heart physiology : |b 1973-1974 / |c Charles S. Peskin. |
| 260 | |a New York : |b Courant Institute of Mathematical Sciences, New York University, |c c1975. | ||
| 300 | |a iv, 278 p. : |b il. ; |c 28 cm. | ||
| 504 | |a Incluye referencias bibliográficas. | ||
| 505 | 0 | |a 1. Introduction -- 2. Cardiac fluid dynamics -- 3. The differential geometry of the heart -- 4. Heart-lung interaction -- 5. Muscle mechanics -- 6. Control of the heart -- 7. Principles of electrophysiology with special reference to the heart. | |
| 510 | 4 | |a MR, |c 54 #2239 | |
| 100 | 1 | |a Peskin, Charles S. | |
| 710 | 2 | |a Courant Institute of Mathematical Sciences. | |
| 650 | 0 | |a Heart |x Physiology |x Mathematical models. | |
| 084 | |a 92C30 |2 msc2000 | ||
| 010 | |a 75308852 | ||
| 040 | |a DLC |c DLC |d DLC | ||
| 859 | |h 92 |i P474 |p A-4437 |b BIB. MATEMATICA | ||
